000 00918nam a2200229Ia 4500
003 OSt
005 20250826113724.0
008 221004b |||||||| |||| 00| 0 hin d
020 _a8126004371 (hbk)
037 _cTB
040 _aCRL
_cCRL
_bhin
041 _2hin
_ahin
084 _aO152,1N07x N8;P9
_qAL
100 _aतिवारी, विश्वनाथ प्रसाद, संपा.
245 0 _aमहादेवी रचना संचयन
246 _aMahādevī rachanā sanchayana
260 _aनई दिल्ली
_bसाहित्य अकादेमी भारत
_c2009
300 _a295पृ0
_ccm.
650 _aहिन्दी साहित्य
942 _hO152,1N07x N8;P9
_cTB
_2cc
_n0
999 _c1017898
_d1017898